| 000 | 00398nam a22001457a 4500 | ||
|---|---|---|---|
| 020 | _a0 86187 2541 | ||
| 082 |
_a355.0217 _bTAY |
||
| 100 |
_aTrevor Taylor _948744 |
||
| 245 | _aDefence, technology and International integration | ||
| 260 | _aWestern Europe | ||
| 300 |
_avi, 218 p, : _bill. : _c8 Cm |
||
| 526 |
_a0 _b0 _c0 _d355_021700000000000_TAY |
||
| 650 |
_aDonation _936574 |
||
| 942 |
_2ddc _cBK |
||
| 999 |
_c551594 _d551594 |
||